Electrochemistry /

Guardat en:
Dades bibliogràfiques
Autor principal: Baumgärtel, Helmut (autor)
Format: Llibre
Idioma:anglès
Publicat: Berlín, Alemania : De Gruyter Brill, 2019, c2019
Accés en línia:Ver documento en línea
Etiquetes: Afegir etiqueta
Sense etiquetes, Sigues el primer a etiquetar aquest registre!

MARC

LEADER 00000nam^a22000000a04500
001 000631049
005 20260415000000.0
009 20260415195739
020 |a 9783110437393 
037 |a Acervo ITESO - Biblioteca 
041 |a ING 
082 |a Libro en línea 
100 |a Baumgärtel, Helmut  |e (autor) 
245 1 0 |a Electrochemistry / 
264 4 |a Berlín, Alemania :  |b De Gruyter Brill,  |c 2019, c2019 
264 2 |a Berlín, Alemania :  |b De Gruyter Brill [distribución],  |c 2026 
300 |a 1 libro electrónico en línea ( p.) 
300 |a 1 recurso en línea 
336 |a datos para computadora  |b cod  |2 rdacontenido 
337 |a computadora  |b c  |2 rdamedio 
338 |a recurso en línea  |b cr  |2 rdasoporte 
506 0 |a Licencias ilimitadas 
521 |a De Gruyter Brill 2026 EEnlace Departamento de Procesos Tecnológicos e Industriales 
567 |a Catalogación rápida 
649 |a XX 
856 4 0 |u https://ezproxy.iteso.mx/login?url=https://www.degruyter.com/isbn/9783110437393  |y Ver documento en línea 
910 |a Fondo General 
920 |a Electrónicos - Libros en Línea 
930 |a Plataforma Digital 
905 |a 205 
902 |a https://opac.biblio.iteso.mx/vufind/Record/000631049